00000000nam##2200000za#4500
0019.663348
003CaOODSP
00520200330101937
007ta
008150407|2001||||xxc|||||     f|0| 0 fre|d
020 |a0-662-66197-4
040 |aCaOODSP|bfre
041 |aeng
041 |afre
043 |an-cn---
0861 |aSW21-89/2001
1101 |aCanada. |bCondition féminine Canada.
24510|aCommerce international: intégration des considérations liées à l'égalité entre les sexes dans le processus d'élaboration des politiques : |binitiatives et leçons / |cpar Soraya Hassanali.
260 |aOttawa - Ontario : |bCondition féminine Canada |c2001.
300 |aTexte français, 38p. : |c28 cm.
500 |aDonnées de catalogage avant publication (Canada) imprimées dans cette publication.
504 |aBibliographie.
546 |aBilingue
563 |aReliure à spirale
590 |a01-51|b2001-12-28
69107|aPolitique commerciale|2gcpds
69107|aCommerce extérieur|2gcpds
69107|aLibre-échange|2gcpds
69107|aCondition de la femme|2gcpds
7201 |aHassanali, Soraya
7760#|tCommerce international : intégration des considérations liées à l'égalité entre les sexes dans le processus d'élaboration des politiques : |w(CaOODSP)9.632909
7760#|tInternational trade : putting gender into the process : |w(CaOODSP)9.688484
791 |tInternational trade: putting gender into the process : |eeng|w(CaOODSP)9.663347